Statistics for Czech Republic regions

Click here to take the quiz!

General Stats

  • This quiz has been taken 7 times
  • The average score is 6 of 14

Answer Stats

PopulationAnswer% Correct
1,335,000Prague
100%
442,000Liberecký
50%
630,000Olomoucký
50%
591,000Plzeňský
50%
817,000Ústecký
50%
580,000Zlínský
50%
1,378,000
Central Bohemian
33%
293,000Karlovarský
33%
550,000Kralovéhradecký
33%
643,000South Bohemian
33%
1,195,000South Moravian
33%
508,000Vysočina
33%
1,192,000Moravian-Silesian
17%
522,000Pardubický
17%

Score Distribution

Percentile by Number Answered

Percent of People with Each Score

Your Score History

You have not taken this quiz